|
|
|
|
| LEADER |
01149nam#a2200325#a#4500 |
| 001 |
001534 |
| 005 |
20160721142049.0 |
| 008 |
950714s1992####ag##################spa#d |
| 020 |
|
|
|a 9502521501
|
| 040 |
|
|
|a AR-BeUNQ
|
| 099 |
|
|
|a 09-B1
|
| 100 |
1 |
|
|a Bialarovsky, Alberto L
|
| 245 |
1 |
3 |
|a Las articulaciones laborales :
|b los estibadores del puerto de Buenos Aires
|c Alberto L Bialarovsky, Beatriz Fernández.
|
| 260 |
|
|
|a Buenos Aires :
|b Centro Editor de América Latina,
|c 1992
|
| 300 |
|
|
|a 129 p
|
| 490 |
0 |
|
|a Los fundamentos de las ciencias del hombre ;
|v v. 126
|
| 650 |
|
7 |
|a TRABAJADORES TEMPOREROS
|2 spines
|
| 650 |
|
7 |
|a ABUSO DE PODER (ECONOMIA)
|2 spines
|
| 650 |
|
7 |
|a SOCIOLOGIA
|2 spines
|
| 650 |
|
7 |
|a PSICOLOGIA SOCIAL
|2 spines
|
| 650 |
|
7 |
|a TRABAJO FISICO
|2 spines
|
| 650 |
|
7 |
|a PROBLEMAS SOCIALES
|2 spines
|
| 650 |
|
7 |
|a ESTRUCTURAS SOCIALES
|2 spines
|
| 650 |
|
7 |
|a ANTROPOLOGIA SOCIAL
|2 spines
|
| 650 |
|
7 |
|a RELACIONES LABORALES
|2 spines
|
| 651 |
|
7 |
|a ARGENTINA
|2 Spines
|
| 700 |
1 |
|
|a Fernández, Beatriz
|
| 929 |
|
|
|a COMPRA
|b Centro Editor de América Latina
|c Exp. 827-0465/95
|d 5,00
|e 19950714
|j 11998
|
| 942 |
|
|
|c LIB
|n 0
|
| 999 |
|
|
|c 4335
|d 79722
|